000 01078nam a22003017a 4500
001 6615
003 FISKH
005 20250605090419.0
008 250513b cb ||||| |||| 00| 0 eng d
020 _a9780881069860
040 _aFISKH
_beng
_cFISKH
_dFISKH
050 _aQH108.C6 C64
082 _a577.340972866
100 _aB.Collard III, Sneed
_d(1959-)
245 _aThe forest in the clouds /
_cBy Sneed B.Collard III ; Illustrated by Michael Rothman
250 _aThis edition first published in 2000
260 _aWatertown :
_bCharlesbridge,
_c2000
300 _a29 unnumbered pages :
_bcolor illustrations ;
_c22 x 29 cm
505 _aJ
520 _aDescribes some of the exotic plants and animals that live in the cloud forest of Costa Rica, and discusses some environmental threats faced by this region.
521 8 _a500 estimate
_bLexile
521 8 _aJ
_bRaz-Plus
650 _2Literary nonfiction
_aContext clues
650 _2Living things
_aRainforest
700 _aRothman, Michael
_dillustrator
942 _2ddc
_cBK
_n0
999 _c6615
_d6615